000 00892nam a2200229 u 4500
001 000259033
003 AM-YEHGA
005 20250618071733.0
008 030908s1956 ai r 000 0 arm d
040 _aAM-YeHGA
041 0 _aarm
100 1 _aՔոչարյան, Մելիք Թադևոսի,
_d1911-1992
_91302
245 1 0 _aՊիեսներ /
_cՄ. Քոչարյան; Խմբ.՝ Հ. Գալստյան; Նկ.՝ Վ. Կաժոյան.
260 _aԵրևան :
_bՀայպետհրատ,
_c1956.
300 _a334 էջ :
_b1 թ. դիմանկ. ;
_c21 սմ.
505 2 _aՀարազատ մարդիկ; Հին հիվանդություն; Ջումշուդ Վարանդացի; Սամվել
650 1 4 _aՀայ գրականություն
_xԹատերգություն
700 1 _aԳալստյան, Հ.
_eխմբ.
_4edt
700 1 _aԿաժոյան, Վ.
_eնկ.
_4art
942 _2udc
_cBK
090 _c94804
999 _c93504
_d93504